Bolivarian Countries - Statistics

General Stats
  • This quiz has been taken 34 times
  • The average score is 6 of 6
Answer Stats
Country % Correct
Ecuador
100%
Peru
100%
Venezuela
100%
Bolivia
97%
Colombia
97%
Panama
85%
No matching quizzes found
Score Distribution
Percent of People with Each Score
Percentile by Number Answered
Your Score History
You have not taken this quiz